| 000 | 00539nam a22002057a 4500 | ||
|---|---|---|---|
| 999 |
_c13425 _d13425 |
||
| 003 | MIRAKIL | ||
| 005 | 20190723111438.0 | ||
| 008 | 190723b tu ||||| |||| 00| 0 tur d | ||
| 020 | _a9756719591 | ||
| 040 |
_aTR-AnCHP _cTR-AnCHP |
||
| 041 | _atur | ||
| 082 |
_a813.42 _bÇ25s 2002 |
||
| 100 | _aÇamuroğlu, Reha | ||
| 245 | 1 | 0 |
_aSon yeniçeri / _cReha Çamuroğlu |
| 250 | _a5. bs. | ||
| 260 |
_aİstanbul: _bDoğan Kitapçılık, _c2002. |
||
| 300 |
_a451 s.: _c20 sm. |
||
| 650 | 0 |
_919 _aTürk edebiyatı _xRoman |
|
| 942 |
_2ddc _cBKS |
||